Sacramento Kings NBA Awards Winners - Statistics

General Stats
  • This quiz has been taken 395 times
    268 since last reset
  • The average score is 4 of 10
Answer Stats
Player % Correct
Oscar Robertson
96%
De'Aaron Fox
81%
Mike Brown
55%
Tyreke Evans
51%
Jerry Lucas
28%
Bobby Jackson
25%
Phil Johnson
12%
Maurice Stokes
10%
Cotton Fitzsimmons
4%
Phil Ford
4%
No matching quizzes found
Score Distribution
Percent of People with Each Score
Percentile by Number Answered
Your Score History
You have not taken this quiz since the last reset